01739cam a22003977a 4500003000500000005001700005008004100022010001000063011001000073035001000083040000900093090001000102100004000112245015000152260004100302300001900343502007700362590003700439590004100476590004100517590004100558590004200599650002800641650002300669650003400692901000700726905002300733942000900756949005500765949005500820949004200875999001700917952014000934952014001074952012701214CHAP20220329142150.0000125d1999 mx a r 00110 spa d a79465 a80437 a90888 cCHAP aTesis00aEscalante López, Lázaro.93739610aControl químico del mildiu velloso (Bremia lactucae Regel), en cuatro cultivares de lechuga (Latuca sativa L.)c/por Lázaro Escalante López aChapingo, Méx. :bEl autor,c1999. a80 h. :bilus. aTesis (Ing. Agr. Esp. en Fitotecnia) -- UACH. Departamento de Fitotecnia aALEPHb10c20130110lUCH01h1431 aBATCH-UPDb10c20130110lUCH01h0431 aBATCH-UPDb10c20130410lUCH01h0107 aBATCH-UPDb10c20130914lUCH01h0748 aCONVERSIONb10c20130109lUCH01h134414aBremia lactucae.91521614aFungicidas.94404414aLechugaxEnfermedades.965458 aBK aLilia Sánchez G. cFOLL bBCcTESd33724000727855eTS2fc.2h34371i90888si bBCcTESd33724000760096eTS2fc.3h35693i90888si bBCcTESd908881eTS1h34370i90888sb c79465d79465 00102local4053708TESISaBCbBCcPA_TESISd2019-12-31fTESISl0oTesisp33724000727855r2019-12-31 00:00:00tc.2w2019-12-31yTESIS 00102local4053708TESISaBCbBCcPA_TESISd2019-12-31fTESISl0oTesisp33724000760096r2019-12-31 00:00:00tc.3w2019-12-31yTESIS 00102local4051708TESISaBCbBCcPA_TESISd2019-12-31fTESISl0oTesisp908881r2019-12-31 00:00:00w2019-12-31yTESIS